[Event "C.to Europeo U20 femminile"]
[Site "Tallinn EST"]
[Date "1997.09.11"]
[Round "2"]
[White "Smajlovic, Lejla"]
[Black "Barbiso, Tiziana"]
[Result "1/2-1/2"]
[WhiteElo "2130"]
[BlackElo "1717"]
[PlyCount "43"]
[EventDate "1997.09.10"]

1. e4 e6 2. d4 d5 3. Nc3 Nf6 4. Bg5 dxe4 5. Nxe4 Nbd7 6. Nf3 Be7 7. Bxf6 Nxf6
8. Bd3 b6 9. c3 Bb7 10. Qa4+ Qd7 11. Bb5 c6 12. Bd3 O-O 13. O-O-O Qc7 14. Qc2
h6 15. Qe2 c5 16. Rhe1 Rfd8 17. Kb1 Rac8 18. dxc5 Nxe4 19. Bxe4 Bxe4+ 20. Qxe4
Qxc5 21. Qc2 Bf6 22. Re3 1/2-1/2

[Event "C.to Europeo U20 femminile"]
[Site "Tallinn EST"]
[Date "1997.09.12"]
[Round "3"]
[White "Barbiso, Tiziana"]
[Black "Ciganikova, Andrea"]
[Result "0-1"]
[WhiteElo "1717"]
[BlackElo "2140"]
[PlyCount "90"]
[EventDate "1997.09.10"]

1. e4 c5 2. c3 d5 3. exd5 Qxd5 4. d4 Nf6 5. Nf3 Bg4 6. Be2 e6 7. O-O Nc6 8. Na3
a6 9. Nc2 cxd4 10. Ncxd4 Nxd4 11. Nxd4 Bxe2 12. Qxe2 Be7 13. Bd2 O-O 14. Rfe1
Rfd8 15. f4 Bc5 16. Be3 b5 17. Nb3 Bd6 18. Rad1 Qe4 19. Rd4 Qg6 20. Red1 Nd5
21. R4d2 Qe4 22. Re1 Qxe3+ 23. Qxe3 Nxe3 24. Rxe3 Bxf4 25. Rxd8+ Rxd8 26. Re1
Kf8 27. g3 Bc7 28. Kf2 Ke7 29. Ke2 Bb6 30. Rf1 f5 31. Rf4 a5 32. Nd2 g5 33. Rf1
g4 34. a4 Rd5 35. axb5 Re5+ 36. Kd1 Rxb5 37. Nc4 Bc7 38. Kc2 h5 39. Re1 h4 40.
Rg1 Kf6 41. Rg2 hxg3 42. hxg3 Rb8 43. Nd2 Rh8 44. b4 axb4 45. cxb4 Rb8 0-1

[Event "C.to Europeo U20 femminile"]
[Site "Tallinn EST"]
[Date "1997.09.13"]
[Round "4"]
[White "Barbiso, Tiziana"]
[Black "Miloradovic, Jelena"]
[Result "0-1"]
[WhiteElo "1717"]
[BlackElo "2105"]
[PlyCount "80"]
[EventDate "1997.09.10"]

1. e4 c5 2. Nc3 Nc6 3. f4 g6 4. Nf3 Bg7 5. Bc4 e6 6. O-O Nge7 7. Qe1 O-O 8. Bb3
Rb8 9. a4 Nb4 10. d3 d5 11. Na2 Nbc6 12. Nc3 Nb4 13. Na2 a5 14. Nxb4 axb4 15.
e5 Qc7 16. Qe2 Nc6 17. c3 Bd7 18. Bc2 Ra8 19. Bd2 Qb6 20. Kh1 b3 21. Bd1 Ne7
22. a5 Rxa5 23. Rxa5 Qxa5 24. Bxb3 Qb5 25. Qd1 Qxd3 26. Bc2 Qa6 27. Be3 b6 28.
Bf2 Bb5 29. Re1 Qa2 30. b4 cxb4 31. Bxb6 Rc8 32. Bb3 Qa6 33. Bd4 bxc3 34. Re3
Qa5 35. Qc2 Nf5 36. Rxc3 Qa1+ 37. Ng1 Bc4 38. Bxc4 Nxd4 39. Qc1 Qxc1 40. Rxc1
dxc4 0-1

[Event "C.to Europeo U20 femminile"]
[Site "Tallinn EST"]
[Date "1997.09.14"]
[Round "5"]
[White "Pallova, Romana"]
[Black "Barbiso, Tiziana"]
[Result "1/2-1/2"]
[WhiteElo "2105"]
[BlackElo "1717"]
[PlyCount "100"]
[EventDate "1997.09.10"]

1. e4 c5 2. Nf3 e6 3. d4 cxd4 4. Nxd4 Nc6 5. Nc3 Nf6 6. Be2 Bb4 7. O-O O-O 8.
Be3 Bxc3 9. bxc3 Nxe4 10. Qd3 d5 11. c4 e5 12. Nb5 Nf6 13. Bc5 dxc4 14. Qxc4
Re8 15. Rfd1 Qa5 16. Bd6 Be6 17. Qh4 Red8 18. a4 Rac8 19. Ra3 a6 20. Rg3 Kh8
21. Rxg7 Rg8 22. Rg3 Rxg3 23. hxg3 Ne8 24. Qh6 Ng7 25. Bd3 f5 26. Na3 Qd8 27.
Bc4 Qe8 28. Qf6 e4 29. Bf4 Bxc4 30. Nxc4 Qe6 31. Qxe6 Nxe6 32. Rd7 Nxf4 33.
gxf4 Nb4 34. Nd6 Rxc2 35. Nxf5 Kg8 36. Rxb7 Nd3 37. Rb8+ Kf7 38. Nd6+ Kg7 39.
Nxe4 Ra2 40. Rd8 Nxf4 41. Nc5 Ne2+ 42. Kh2 Nc3 43. Rd7+ Kg8 44. Rd4 Rxf2 45.
Ne6 Re2 46. Nc5 Kg7 47. Rc4 Nd5 48. Re4 Nc3 49. Rf4 Kg6 50. Kh3 Nd5 1/2-1/2

[Event "C.to Europeo U20 femminile"]
[Site "Tallinn EST"]
[Date "1997.09.16"]
[Round "7"]
[White "Vark, Liina"]
[Black "Barbiso, Tiziana"]
[Result "1/2-1/2"]
[WhiteElo "2040"]
[BlackElo "1717"]
[PlyCount "42"]
[EventDate "1997.09.10"]

1. d4 d6 2. c4 e5 3. dxe5 dxe5 4. Qxd8+ Kxd8 5. Nf3 f6 6. Nc3 c6 7. g3 Be6 8.
b3 Nd7 9. Bg2 Kc7 10. O-O Bb4 11. Bb2 Nc5 12. Nd2 Rd8 13. Rfd1 Bf5 14. Rac1 Ne7
15. Nce4 Bg4 16. Kf1 Rd7 17. Nxc5 Rxd2 18. Rxd2 Bxd2 19. Rd1 Rd8 20. Bf3 Bh3+
21. Bg2 Bg4 1/2-1/2

[Event "C.to Europeo U20 femminile"]
[Site "Tallinn EST"]
[Date "1997.09.17"]
[Round "8"]
[White "Barbiso, Tiziana"]
[Black "Dubinskaya, Marianna"]
[Result "0-1"]
[WhiteElo "1717"]
[BlackElo "2100"]
[PlyCount "96"]
[EventDate "1997.09.10"]

1. d4 b5 2. Nf3 Bb7 3. e3 a6 4. Bd3 e6 5. O-O c5 6. b3 Nf6 7. Bb2 cxd4 8. exd4
Be7 9. Nbd2 Qc7 10. Re1 d6 11. c4 bxc4 12. bxc4 O-O 13. Qc2 Nbd7 14. Ng5 h6 15.
Ngf3 Rfc8 16. d5 Bxd5 17. cxd5 Qxc2 18. Bxc2 Rxc2 19. dxe6 Rxb2 20. exd7 Bf8
21. Nc4 Rc2 22. Nb6 Rd8 23. Rec1 Rxc1+ 24. Rxc1 Nxd7 25. Nxd7 Rxd7 26. Rc6 a5
27. Nd4 Rb7 28. g3 Rb2 29. Nf5 Rd2 30. Rc8 g6 31. Nxh6+ Kg7 32. a4 Rd4 33. h3
Rxa4 34. Ng4 Ra1+ 35. Kg2 a4 36. Ra8 Be7 37. Ra6 a3 38. Ne3 Ra2 39. Nd5 Bg5 40.
Nb4 Rb2 41. Nd3 Rb3 42. Ne1 d5 43. Nc2 Bc1 44. Ra5 Rc3 45. Nb4 d4 46. Na2 Bb2
47. Rd5 Rb3 48. Kf1 Bc3 0-1

[Event "C.to Europeo U20 femminile"]
[Site "Tallinn EST"]
[Date "1997.09.19"]
[Round "10"]
[White "Abbasova, Aiguioun"]
[Black "Barbiso, Tiziana"]
[Result "1/2-1/2"]
[WhiteElo "2190"]
[BlackElo "1717"]
[PlyCount "102"]
[EventDate "1997.09.10"]

1. e4 e6 2. d4 d5 3. e5 c5 4. c3 Nc6 5. Nf3 Qb6 6. a3 Bd7 7. b4 cxd4 8. cxd4
Rc8 9. Be3 Nh6 10. Be2 Ng4 11. O-O Nxe3 12. fxe3 Be7 13. Bd3 Nb8 14. Qe2 O-O
15. e4 Ba4 16. exd5 exd5 17. Qd2 Bb5 18. Bxb5 Qxb5 19. Nc3 Qd7 20. Rac1 a5 21.
Qa2 Rfd8 22. Nxd5 axb4 23. axb4 Rxc1 24. Nxe7+ Qxe7 25. Rxc1 Qxb4 26. d5 h6 27.
h3 Na6 28. d6 Nc5 29. Qd5 Ne6 30. Qd2 Qa3 31. Kh1 b5 32. Rb1 Rb8 33. Nd4 Nxd4
34. Qxd4 Qa2 35. Qb4 Qd5 36. Qc3 Re8 37. Re1 Qc4 38. Qa5 Qc6 39. Qa7 Ra8 40.
Qe7 Re8 41. Qh4 Ra8 42. Qg4 Rd8 43. Qf3 Qc4 44. Re4 Qe6 45. Qd3 Rb8 46. Re1 b4
47. Rc1 Rd8 48. Qd4 f6 49. Qxb4 fxe5 50. Rd1 e4 51. Re1 Qxd6 1/2-1/2

[Event "C.to Europeo U20 femminile"]
[Site "Tallinn EST"]
[Date "1997.09.20"]
[Round "11"]
[White "Barbiso, Tiziana"]
[Black "Lang, Heather"]
[Result "1-0"]
[WhiteElo "1717"]
[BlackElo "2060"]
[PlyCount "143"]
[EventDate "1997.09.10"]

1. e4 e5 2. Nf3 Nc6 3. Nc3 Nf6 4. Bb5 Bb4 5. O-O O-O 6. d3 d6 7. Bg5 Bxc3 8.
bxc3 Qe7 9. Re1 Nd8 10. d4 Ne6 11. Bc1 c6 12. Bc4 Qc7 13. a4 Re8 14. Ba3 exd4
15. cxd4 Nxe4 16. Rxe4 d5 17. Rxe6 Rxe6 18. Bd3 Bd7 19. Ne5 Rae8 20. h3 Bc8 21.
Qd2 Rf6 22. Re1 Bf5 23. Bxf5 Rxf5 24. Nd3 Qc8 25. Rxe8+ Qxe8 26. Qb4 Qc8 27.
Qe7 Rf6 28. Ne5 h6 29. Nd3 Re6 30. Qb4 Re4 31. Bc1 b6 32. Be3 Qa6 33. Qb3 Qc8
34. Qc3 Re6 35. Nf4 Re8 36. Nd3 Qd7 37. Ne5 Qb7 38. Qxc6 Qxc6 39. Nxc6 a5 40.
Kf1 Kf8 41. Ne5 Ke7 42. Ke2 Rc8 43. Kd2 f6 44. Nd3 Kd6 45. Nb2 g5 46. Kd3 f5
47. g3 Rf8 48. c4 f4 49. gxf4 gxf4 50. Bd2 Rf5 51. cxd5 Kxd5 52. Nc4 Rh5 53.
Nxb6+ Kc6 54. Nc4 Rxh3+ 55. Ke4 Rh2 56. Nxa5+ Kd7 57. Kf3 Rh3+ 58. Kxf4 Ra3 59.
Nc4 Ra2 60. Ke3 Ke6 61. a5 h5 62. Nb6 h4 63. d5+ Kf7 64. d6 Rxd2 65. Kxd2 h3
66. a6 h2 67. a7 h1=Q 68. a8=Q Qh6+ 69. Ke2 Qh5+ 70. Qf3+ Qxf3+ 71. Kxf3 Ke6
72. d7 1-0

[Event "II Festival A Carnevale"]
[Site "Camaiore ITA"]
[Date "1997.02.??"]
[Round "?"]
[White "Aleksic, Nenad"]
[Black "Bondielli, Giorgio"]
[Result "1-0"]
[WhiteElo "2440"]
[BlackElo "1714"]
[PlyCount "110"]
[EventDate "1997.02.14"]

1. e4 e5 2. Nf3 Nf6 3. d3 d5 4. Nbd2 Nc6 5. c3 Bd6 6. Be2 b6 7. O-O O-O 8. b4
Bb7 9. a3 Ne7 10. Qc2 Rc8 11. Re1 Ng6 12. Bf1 c5 13. b5 c4 14. dxc4 dxe4 15.
Ng5 e3 16. fxe3 Ng4 17. Nde4 Bxe4 18. Nxe4 Qh4 19. g3 Qe7 20. a4 Bc5 21. Nxc5
bxc5 22. e4 h5 23. h3 Nf6 24. Bg5 Qe6 25. Qe2 h4 26. gxh4 Nh7 27. Qg4 Qxg4+ 28.
hxg4 Nxg5 29. hxg5 Nf4 30. Rad1 Rfd8 31. g6 fxg6 32. g5 Kf7 33. Kf2 Ke7 34. Kg3
Rh8 35. Rd2 Rh5 36. Red1 Rxg5+ 37. Kf3 Rh8 38. Rd7+ Kf6 39. R1d6+ Ne6 40. Rxa7
Rh4 41. Raa6 Rf4+ 42. Ke2 Rxe4+ 43. Kd2 Rf4 44. Rxe6+ Kf5 45. Bd3+ e4 46. Bxe4+
Rxe4 47. Rxe4 Kxe4 48. Re6+ Kf5 49. Re8 Rg2+ 50. Kc1 Rg4 51. b6 Rxc4 52. b7
Rxc3+ 53. Kb2 Rc4 54. b8=Q Rb4+ 55. Qxb4 cxb4 1-0

[Event "II Festival A Carnevale"]
[Site "Camaiore ITA"]
[Date "1997.02.??"]
[Round "?"]
[White "Aleksic, Nenad"]
[Black "Lampic, Teo"]
[Result "1/2-1/2"]
[WhiteElo "2440"]
[BlackElo "2255"]
[PlyCount "61"]
[EventDate "1997.02.14"]

1. e4 e6 2. Nf3 d5 3. Nc3 Nf6 4. e5 Nfd7 5. d4 c5 6. dxc5 Nc6 7. Bf4 Bxc5 8.
Bd3 a6 9. O-O Be7 10. Qd2 Nc5 11. Rfc1 Nxd3 12. Qxd3 Bd7 13. Ne2 Rc8 14. c3 Qc7
15. Ned4 Nxd4 16. Nxd4 Qc4 17. Qd2 h6 18. a3 Bb5 19. Rd1 Ba4 20. Rdb1 Bb3 21.
Be3 a5 22. Rf1 a4 23. f4 g6 24. Rf3 h5 25. Bf2 Qa6 26. Nxb3 axb3 27. Bd4 Rc4
28. Qf2 Qc6 29. Rd1 Kd7 30. Rdd3 Ra8 31. Qd2 1/2-1/2

[Event "II Festival A Carnevale"]
[Site "Camaiore ITA"]
[Date "1997.02.??"]
[Round "?"]
[White "Barlov, Dragan"]
[Black "Berra, Davide"]
[Result "1-0"]
[WhiteElo "2455"]
[BlackElo "1986"]
[PlyCount "85"]
[EventDate "1997.02.14"]

1. d4 e6 2. c4 f5 3. Nc3 Nf6 4. Bg5 Be7 5. e3 d5 6. Qc2 O-O 7. Bxf6 Bxf6 8.
cxd5 Kh8 9. Bc4 e5 10. dxe5 Bxe5 11. Nf3 Bd6 12. O-O a6 13. Ne2 Nd7 14. Rfd1
Qf6 15. Nf4 b5 16. Bf1 Ne5 17. Nxe5 Bxe5 18. Nd3 Bd6 19. g3 Bd7 20. Rac1 Be8
21. Rd2 h5 22. Qc3 Qh6 23. Qd4 Bf7 24. Bg2 Rae8 25. Rc6 a5 26. Nc5 Ra8 27. Nb7
Be8 28. Nxd6 Bxc6 29. dxc6 Qxd6 30. Qxd6 cxd6 31. Rd5 b4 32. Kf1 Rf6 33. Rb5
Kh7 34. Ke2 g6 35. Rb7+ Kh6 36. Rd7 Rc8 37. Bd5 Kg5 38. Kf3 Rff8 39. h4+ Kf6
40. Kf4 Rcd8 41. Rh7 Rde8 42. c7 Re5 43. c8=Q 1-0

[Event "II Festival A Carnevale"]
[Site "Camaiore ITA"]
[Date "1997.02.??"]
[Round "?"]
[White "Beggi, Pierluigi"]
[Black "Brizzi, Carlo Alberto"]
[Result "1-0"]
[WhiteElo "2200"]
[BlackElo "1603"]
[PlyCount "57"]
[EventDate "1997.02.14"]

1. d4 Nf6 2. Nf3 g6 3. c4 Bg7 4. Nc3 O-O 5. e4 d6 6. Be2 Bg4 7. Be3 Nfd7 8. Ng5
Bxe2 9. Qxe2 Nc6 10. d5 Ncb8 11. O-O Na6 12. Rac1 Nac5 13. f3 c6 14. b4 Na6 15.
a3 c5 16. b5 Nab8 17. f4 Qa5 18. e5 dxe5 19. f5 Qxa3 20. Nce4 Qa5 21. fxg6 hxg6
22. Qg4 f5 23. Qh4 Nf6 24. Nxf6+ Rxf6 25. Qh7+ Kf8 26. Ne6+ Rxe6 27. dxe6 Qb6
28. Qxg6 Nd7 29. Qf7# 1-0

[Event "II Festival A Carnevale"]
[Site "Camaiore ITA"]
[Date "1997.02.??"]
[Round "?"]
[White "Beggi, Pierluigi"]
[Black "Nurkic, Sahbaz"]
[Result "0-1"]
[WhiteElo "2200"]
[BlackElo "2395"]
[PlyCount "108"]
[EventDate "1997.02.14"]

1. d4 g6 2. e4 Bg7 3. Nf3 c6 4. c4 d6 5. Be2 Qc7 6. O-O Nd7 7. Nc3 Ngf6 8. Rb1
O-O 9. Bg5 e5 10. Qd2 Re8 11. d5 Nc5 12. Bxf6 Bxf6 13. b4 Nd7 14. Rfc1 c5 15.
a3 a6 16. Ne1 Qd8 17. Qd1 Kh8 18. Nd3 b6 19. Bg4 Bg5 20. Bxd7 Bxd7 21. Rc2 Ra7
22. bxc5 bxc5 23. Rcb2 Qa5 24. Qc2 Kg7 25. Rb6 Be7 26. Rb7 Rea8 27. g3 h5 28.
Rxa7 Rxa7 29. f4 exf4 30. gxf4 Bf6 31. e5 dxe5 32. fxe5 Bg5 33. e6 fxe6 34. Ne5
Be8 35. d6 Be3+ 36. Kh1 Bd4 37. d7 Rxd7 38. Nxd7 Qxc3 39. Qxc3 Bxc3 40. Kg2 Bd4
41. h4 Kf7 42. Rb7 Ke7 43. Ne5+ Kd6 44. Nf7+ Kc6 45. Re7 Bd7 46. Ng5 Kd6 47.
Rf7 Bc6+ 48. Kf1 a5 49. Ra7 Ba4 50. Rxa5 Bb3 51. Ra6+ Kd7 52. Ra7+ Kc6 53. Ke1
Bxc4 54. Kd2 Bd5 0-1

[Event "II Festival A Carnevale"]
[Site "Camaiore ITA"]
[Date "1997.02.??"]
[Round "?"]
[White "Benvenuti, Carlo"]
[Black "Efimov, Igor"]
[Result "0-1"]
[WhiteElo "2165"]
[BlackElo "2530"]
[PlyCount "52"]
[EventDate "1997.02.14"]

1. Nf3 Nf6 2. d4 e6 3. Bg5 c5 4. c3 Be7 5. e3 O-O 6. Nbd2 b6 7. Be2 Bb7 8. O-O
d6 9. Qc2 Nc6 10. Rfd1 Rc8 11. dxc5 bxc5 12. Bxf6 gxf6 13. Qa4 Rc7 14. Ne4 Rd7
15. Rd2 f5 16. Ng3 Kh8 17. Bb5 Qc7 18. Qc2 Rdd8 19. Rad1 Rg8 20. Kh1 Rg6 21.
Rg1 Rdg8 22. Bf1 Rh6 23. Ne2 Qc8 24. Nf4 Ne5 25. Nxe5 dxe5 26. Ne2 Qf8 0-1

[Event "II Festival A Carnevale"]
[Site "Camaiore ITA"]
[Date "1997.02.??"]
[Round "?"]
[White "Berra, Davide"]
[Black "Tornaboni, Claudio"]
[Result "1-0"]
[WhiteElo "1986"]
[BlackElo "1651"]
[PlyCount "37"]
[EventDate "1997.02.14"]

1. d4 Nf6 2. Nf3 d6 3. Bg5 Ne4 4. Bh4 h6 5. Nbd2 Nxd2 6. Nxd2 Nd7 7. e4 g6 8.
c3 Bg7 9. Bd3 c5 10. d5 Ne5 11. Be2 g5 12. Bg3 e6 13. O-O exd5 14. exd5 Bf5 15.
f4 gxf4 16. Bxf4 Qd7 17. a4 O-O-O 18. Bxe5 Bxe5 19. Rxf5 1-0

[Event "II Festival A Carnevale"]
[Site "Camaiore ITA"]
[Date "1997.02.??"]
[Round "?"]
[White "Brugo, Marco"]
[Black "Passerotti, Pierluigi"]
[Result "0-1"]
[WhiteElo "1654"]
[BlackElo "2300"]
[PlyCount "60"]
[EventDate "1997.02.14"]

1. c4 f5 2. d4 Nf6 3. Nc3 g6 4. Bg5 Bg7 5. Nf3 Ne4 6. Bh4 c5 7. e3 Nc6 8. Nxe4
fxe4 9. Nd2 cxd4 10. Nxe4 Qa5+ 11. Qd2 Qxd2+ 12. Kxd2 dxe3+ 13. Kxe3 Bd4+ 14.
Kd3 Bxb2 15. Re1 Bg7 16. Nd6+ Kf8 17. Nb5 d6 18. Nc7 Bf5+ 19. Kd2 Rc8 20. Ne6+
Bxe6 21. Rxe6 Rc7 22. f4 Kf7 23. Re4 Rd8 24. Bd3 d5 25. cxd5 Rxd5 26. Ke2 Nd4+
27. Kf2 Nf5 28. Rc4 Rxd3 29. Rxc7 Rd2+ 30. Ke1 Rxa2 0-1

[Event "II Festival A Carnevale"]
[Site "Camaiore ITA"]
[Date "1997.02.??"]
[Round "?"]
[White "Cacco, Christian"]
[Black "Pegoraro, Nicola"]
[Result "1-0"]
[WhiteElo "1744"]
[BlackElo "2065"]
[PlyCount "111"]
[EventDate "1997.02.14"]

1. Nf3 f5 2. d4 Nf6 3. c4 e6 4. Nc3 Bb4 5. Bg5 Bxc3+ 6. bxc3 d6 7. g3 b6 8. Bg2
Bb7 9. O-O O-O 10. Qb3 Qc8 11. Rfd1 Nc6 12. c5 Na5 13. Qa3 Ne4 14. Rac1 Nxg5
15. Nxg5 Bxg2 16. Kxg2 Nc4 17. Qb3 d5 18. c6 Qe8 19. Nf3 Qxc6 20. Kg1 Qd6 21.
Nd2 Nxd2 22. Rxd2 Rac8 23. c4 dxc4 24. Qxc4 Qd5 25. Qa4 a5 26. Rd3 Rfd8 27.
Rcd1 Rd6 28. Rc1 h6 29. Rcc3 Kh7 30. Qc2 Qb7 31. h3 c5 32. g4 Rd5 33. Rg3 Qf7
34. Rcf3 Qd7 35. e4 Rxd4 36. exf5 Kg8 37. g5 Rd2 38. Qc4 Rd4 39. Qe2 exf5 40.
gxh6 Re8 41. Qb2 Re7 42. Qxb6 Rd6 43. Qb8+ Qd8 44. Qb3+ Kh8 45. hxg7+ Rxg7 46.
Qc3 Rd1+ 47. Kg2 Qd4 48. Rxg7 Kxg7 49. Qxa5 Qd5 50. Qc7+ Kf6 51. Qb6+ Kg7 52.
Qb2+ Kf7 53. Qc2 Rd2 54. Qxf5+ Ke7 55. Qxd5 Rxd5 56. Rc3 1-0

[Event "II Festival A Carnevale"]
[Site "Camaiore ITA"]
[Date "1997.02.??"]
[Round "?"]
[White "Cacco, Christian"]
[Black "Wojtkiewicz, Aleksander"]
[Result "0-1"]
[WhiteElo "1744"]
[BlackElo "2565"]
[PlyCount "54"]
[EventDate "1997.02.14"]

1. d4 g6 2. e4 Bg7 3. Be3 d6 4. Nd2 Nf6 5. f3 O-O 6. Bc4 d5 7. Be2 dxe4 8. fxe4
c5 9. d5 e6 10. c4 exd5 11. cxd5 Re8 12. Bg5 Qa5 13. Bxf6 Bxf6 14. Ngf3 Rxe4
15. O-O Re8 16. Nc4 Qd8 17. Kh1 b5 18. Ncd2 a6 19. a4 Bxb2 20. Ra2 Bg7 21. axb5
Bb7 22. bxa6 Nxa6 23. Bb5 Rf8 24. Nb3 Nc7 25. Nxc5 Nxb5 26. Nxb7 Qb6 27. Rxa8
Rxa8 0-1

[Event "II Festival A Carnevale"]
[Site "Camaiore ITA"]
[Date "1997.02.??"]
[Round "?"]
[White "Ceccatelli, Claudio"]
[Black "Sarno, Spartaco"]
[Result "0-1"]
[WhiteElo "1714"]
[BlackElo "2430"]
[PlyCount "52"]
[EventDate "1997.02.14"]

1. d4 Nf6 2. c4 g6 3. Nc3 d5 4. cxd5 Nxd5 5. e4 Nxc3 6. bxc3 Bg7 7. Nf3 c5 8.
Rb1 O-O 9. Be2 Nd7 10. O-O b6 11. Bc4 Bb7 12. Bd5 Bxd5 13. exd5 Qc7 14. Re1
Rfe8 15. Ba3 Rac8 16. dxc5 Nxc5 17. Nd4 Qd7 18. Qf3 Bf6 19. Rbd1 Na4 20. Nc6
Nxc3 21. Bxe7 Nxd1 22. Qxf6 Qxd5 23. Ne5 Qe6 24. Qxe6 fxe6 25. Ba3 Nc3 26. Ng4
Nd5 0-1

[Event "II Festival A Carnevale"]
[Site "Camaiore ITA"]
[Date "1997.02.??"]
[Round "?"]
[White "Corvi, Marco"]
[Black "Berra, Davide"]
[Result "1-0"]
[WhiteElo "2235"]
[BlackElo "1986"]
[PlyCount "71"]
[EventDate "1997.02.14"]

1. c4 e6 2. Nf3 f5 3. g3 Nf6 4. Bg2 Be7 5. O-O O-O 6. d4 d5 7. b3 c6 8. Ba3
Bxa3 9. Nxa3 Qe7 10. Nb1 Bd7 11. Qc2 Ne4 12. Nbd2 Be8 13. Ne5 Bh5 14. f3 Nxd2
15. Qxd2 Nd7 16. cxd5 exd5 17. f4 a5 18. a3 Nf6 19. Rfc1 Ne4 20. Bxe4 dxe4 21.
e3 Rfd8 22. b4 g5 23. Qf2 h6 24. fxg5 Qxg5 25. h4 Qg7 26. Kh2 Bg4 27. Qf4 axb4
28. axb4 Kh7 29. Rf1 Rf8 30. Ra5 h5 31. Rfa1 Rxa5 32. Rxa5 Qc7 33. Qg5 Rg8 34.
Qf6 b6 35. Ra1 c5 36. bxc5 1-0

[Event "II Festival A Carnevale"]
[Site "Camaiore ITA"]
[Date "1997.02.??"]
[Round "?"]
[White "Corvi, Marco"]
[Black "Tesoro, Abramo"]
[Result "1-0"]
[WhiteElo "2235"]
[BlackElo "1600"]
[PlyCount "39"]
[EventDate "1997.02.14"]

1. c4 f5 2. Nc3 Nf6 3. g3 e5 4. Bg2 Be7 5. d4 exd4 6. Qxd4 Nc6 7. Qd2 d6 8. Nh3
Be6 9. b3 O-O 10. Bb2 Kh8 11. Nf4 Bg8 12. h4 Rb8 13. Ncd5 Ne5 14. h5 Bf7 15.
Ne3 Qd7 16. Qc2 Ne4 17. Bxe4 fxe4 18. Qxe4 Bf6 19. O-O-O c6 20. Bxe5 1-0

[Event "II Festival A Carnevale"]
[Site "Camaiore ITA"]
[Date "1997.02.??"]
[Round "?"]
[White "Efimov, Igor"]
[Black "Barlov, Dragan"]
[Result "0-1"]
[WhiteElo "2530"]
[BlackElo "2455"]
[PlyCount "62"]
[EventDate "1997.02.14"]

1. d4 d6 2. e4 g6 3. g3 Bg7 4. Bg2 c5 5. Ne2 cxd4 6. Nxd4 Nf6 7. O-O O-O 8. Nc3
Nc6 9. Nde2 Re8 10. Bg5 Ne5 11. Be3 a6 12. b3 Bd7 13. h3 Bc6 14. Nd4 Qa5 15.
Qe1 Rab8 16. f4 Ned7 17. a3 e5 18. b4 Qc7 19. Nde2 exf4 20. Bxf4 Rec8 21. Rd1
Nxe4 22. Bxe4 Bxe4 23. Rxd6 Bc6 24. Qf2 Ne5 25. Rfd1 h5 26. a4 b6 27. b5 axb5
28. axb5 Ba8 29. Rd7 Qc4 30. Nd5 Nxd7 31. Bxb8 Rxb8 0-1

[Event "II Festival A Carnevale"]
[Site "Camaiore ITA"]
[Date "1997.02.??"]
[Round "?"]
[White "Efimov, Igor"]
[Black "Musa, Ibrahim"]
[Result "1-0"]
[WhiteElo "2530"]
[BlackElo "1740"]
[PlyCount "39"]
[EventDate "1997.02.14"]

1. d4 Nf6 2. Nf3 e6 3. c4 c5 4. e3 Be7 5. Nc3 O-O 6. Bd3 d5 7. O-O a6 8. cxd5
exd5 9. dxc5 Bxc5 10. b3 Bg4 11. Bb2 Nc6 12. Rc1 Ba7 13. Be2 Rc8 14. Nd4 Ne5
15. Bxg4 Nexg4 16. Nf5 Bb8 17. g3 Qd7 18. Nxd5 Nxd5 19. Qxg4 f6 20. Nh6+ 1-0

[Event "II Festival A Carnevale"]
[Site "Camaiore ITA"]
[Date "1997.02.??"]
[Round "?"]
[White "Ferretti, Folco"]
[Black "Pastorini, Mario"]
[Result "1-0"]
[WhiteElo "2255"]
[BlackElo "2200"]
[PlyCount "43"]
[EventDate "1997.02.14"]

1. e4 c5 2. Nf3 e6 3. c3 d5 4. exd5 Qxd5 5. d4 Nf6 6. Na3 cxd4 7. Nb5 Qd8 8.
Nbxd4 Be7 9. Bd3 O-O 10. O-O b6 11. Qe2 Bb7 12. Bg5 Nc6 13. Nxc6 Bxc6 14. Ne5
Bb7 15. Rad1 Qc7 16. Bxf6 Bxf6 17. Nd7 Rfe8 18. Qh5 h6 19. Nxf6+ gxf6 20. Qxh6
f5 21. Rfe1 Qc6 22. Qg5+ 1-0

[Event "II Festival A Carnevale"]
[Site "Camaiore ITA"]
[Date "1997.02.??"]
[Round "?"]
[White "Lampic, Teo"]
[Black "Sedina, Elena"]
[Result "0-1"]
[WhiteElo "2255"]
[BlackElo "2400"]
[PlyCount "63"]
[EventDate "1997.02.14"]

1. e4 Nf6 2. Nc3 d5 3. e5 Nfd7 4. Nxd5 Nxe5 5. Ne3 c5 6. Nf3 Nbc6 7. Bb5 Bd7 8.
Nxe5 Nxe5 9. Bxd7+ Qxd7 10. Qh5 Qd6 11. f4 Nc6 12. O-O g6 13. Qf3 Bg7 14. c3
O-O-O 15. b3 f5 16. Nc4 Qd5 17. Qxd5 Rxd5 18. Rb1 e5 19. b4 cxb4 20. fxe5 Nxe5
21. Nxe5 Bxe5 22. d4 Bd6 23. c4 Ra5 24. c5 Be7 25. Bf4 Bf6 26. Rxb4 Rd8 27. Bd6
Rxa2 28. Rfb1 b6 29. Rc4 Kb7 30. Rd1 bxc5 31. dxc5 Kc6 32. Rcc1 0-1

[Event "II Festival A Carnevale"]
[Site "Camaiore ITA"]
[Date "1997.02.??"]
[Round "?"]
[White "Ljubisavljevic, Zivojin Z."]
[Black "Colosimo, Alessandro"]
[Result "1-0"]
[WhiteElo "2275"]
[BlackElo "1654"]
[PlyCount "71"]
[EventDate "1997.02.14"]

1. d4 Nf6 2. c4 d6 3. Nc3 g6 4. e4 Bg7 5. Be2 O-O 6. Be3 Nbd7 7. Qd2 Re8 8. Bh6
Bh8 9. h4 c5 10. d5 Ne5 11. h5 Neg4 12. hxg6 fxg6 13. Bg5 Ne5 14. Nh3 Bg7 15.
Bh6 Nf7 16. Bxg7 Kxg7 17. Ng5 Nxg5 18. Qxg5 Rh8 19. f4 e5 20. dxe6 Bxe6 21.
O-O-O Qf8 22. Qh6+ Kf7 23. Qxf8+ Raxf8 24. Rxd6 Ke7 25. Rd2 Ne8 26. g3 Nd6 27.
b3 h5 28. Rhd1 Rd8 29. Nd5+ Bxd5 30. Rxd5 b6 31. Bd3 Nf7 32. e5 g5 33. Bf5 Rxd5
34. cxd5 gxf4 35. gxf4 h4 36. d6+ 1-0

[Event "II Festival A Carnevale"]
[Site "Camaiore ITA"]
[Date "1997.02.??"]
[Round "?"]
[White "Nurkic, Sahbaz"]
[Black "Arrighini, Giovanni"]
[Result "1-0"]
[WhiteElo "2395"]
[BlackElo "1830"]
[PlyCount "71"]
[EventDate "1997.02.14"]

1. e4 d5 2. exd5 Nf6 3. d4 Nxd5 4. c4 Nb6 5. Nc3 e5 6. dxe5 Qxd1+ 7. Nxd1 Nc6
8. f4 Bb4+ 9. Bd2 Bf5 10. Bxb4 Nxb4 11. Ne3 Be4 12. Nh3 O-O 13. Nf2 Nc2+ 14.
Nxc2 Bxc2 15. Rc1 Ba4 16. Bd3 Rad8 17. O-O Rd4 18. g3 Rfd8 19. Be4 Nxc4 20.
Bxb7 Nxb2 21. Rxc7 Be8 22. Rfc1 Nd3 23. Nxd3 Rxd3 24. Rc8 Kf8 25. Rxd8 Rxd8 26.
Rc2 h5 27. Kf2 g6 28. Ke3 Bd7 29. Rc7 Be6 30. a3 Rd1 31. Bf3 Rd7 32. Rxd7 Bxd7
33. Be4 Ke7 34. Bc2 Bc8 35. f5 g5 36. h4 1-0

[Event "II Festival A Carnevale"]
[Site "Camaiore ITA"]
[Date "1997.02.??"]
[Round "?"]
[White "Nurkic, Sahbaz"]
[Black "Campanile, Antonio"]
[Result "1-0"]
[WhiteElo "2395"]
[BlackElo "2200"]
[PlyCount "27"]
[EventDate "1997.02.14"]

1. e4 d5 2. exd5 Qxd5 3. Nc3 Qa5 4. Nf3 Nf6 5. Be2 e6 6. d4 c6 7. O-O Bd6 8.
Bd3 Na6 9. Re1 Nb4 10. Bg5 Nxd3 11. Qxd3 Be7 12. Ne5 h6 13. Bh4 Qd8 14. Re3 1-0

[Event "II Festival A Carnevale"]
[Site "Camaiore ITA"]
[Date "1997.02.??"]
[Round "?"]
[White "Passerotti, Pierluigi"]
[Black "Efimov, Igor"]
[Result "0-1"]
[WhiteElo "2300"]
[BlackElo "2530"]
[PlyCount "54"]
[EventDate "1997.02.14"]

1. d4 d6 2. e4 g6 3. Nf3 Bg7 4. Nc3 c6 5. a4 Nd7 6. Bc4 Ngf6 7. e5 Nd5 8. exd6
Nxc3 9. bxc3 exd6 10. Qe2+ Qe7 11. Qxe7+ Kxe7 12. O-O f6 13. Bf4 Bf8 14. a5 b6
15. axb6 Nxb6 16. Rfe1+ Kd8 17. Bd3 g5 18. Be3 Nd5 19. Ra5 Bd7 20. Ra3 Be7 21.
Rea1 f5 22. c4 Nc7 23. c5 dxc5 24. dxc5 Re8 25. Kf1 Ne6 26. Rxa7 Rxa7 27. Rxa7
Bf6 0-1